[Event "Titled Tuesday intern op 27th Jun Late"]
[Site "Chess.com INT"]
[Date "2023.06.27"]
[Round "11"]
[White "Pinto, Daniel"]
[Black "Sanchez, Roberto Daniel"]
[Result "1-0"]
[WhiteElo "2274"]
[BlackElo "1966"]
[PlyCount "73"]
[EventDate "2023.06.27"]
[EventType "swiss (blitz)"]
[EventRounds "11"]
[EventCountry "USA"]
[SourceTitle "EXT 2024"]
[Source "ChessBase"]
[SourceDate "2023.10.10"]
[SourceVersion "1"]
[SourceVersionDate "2023.10.10"]
[SourceQuality "1"]

1. e4 e6 2. d4 d5 3. Nd2 Nf6 4. e5 Nfd7 5. Ngf3 c5 6. c3 Nc6 7. Bd3 Qb6 8. 0-0 Be7 9. Re1 g5 10. h3 h5 11. g4 hxg4 12. hxg4 cxd4 13. Nb3 dxc3 14. bxc3 a5 15. Nbd4 Nc5 16. Rb1 Qd8 17. Bc2 Bd7 18. Kg2 Nxd4 19. cxd4 Ne4 20. Rxb7 Kf8 21. Ba4 Bc8 22. Rb3 Bd7 23. Rb7 Bc8 24. Rb3 Bd7 25. Bxd7 Qxd7 26. Rh1 Kg7 27. Rxh8 Rxh8 28. Be3 Qc6 29. Qc1 Qa4 30. Rb7 Bb4 31. Bxg5 Qxa2 32. Bf6+ Kg6 33. Nh4+ Rxh4 34. Bxh4 Qe2 35. Qf4 Bd2 36. Qxf7+ Kh6 37. Qg7# 1-0